| 000 | 00496nam a22001577a 4500 | ||
|---|---|---|---|
| 008 | 150408b xxu||||| |||| 00| 0 eng d | ||
| 020 | _a98474073 | ||
| 050 | _aLB1739.U58T253 | ||
| 100 |
_aUNISA _916957 |
||
| 245 |
_aTeaching and learning _bonly study guide for GED202X _c/by UNISA |
||
| 260 |
_aPretoria _bUniversity of South Africa _c2009 |
||
| 300 |
_ax,189p. ; _c30cm. |
||
| 650 |
_aTeacher training manual _916971 |
||
| 700 |
_aBooyse, Celia (compilor) _916959 |
||
| 942 |
_2lcc _cMONOGRAPH |
||
| 999 |
_c122591 _d122591 |
||